MARC

Tag First Indicator Second Indicator Subfields
LEADER 00000cam a2200000 i 4500
001 in00003526348
005 20151105204539.0
008 140926t20152015miua b 001 0 eng d
020 |a 9780814339763 
020 |a 081433976X 
020 |z 9780814339770 
020 |z 0814339778 
035 |a (OCoLC)ocn891609588 
040 |a BTCTA  |e rda  |c BTCTA  |d YDX  |d BDX  |d GSU  |d COO  |d UtOrBLW 
049 |a TXAM 
050 4 |a PN1992.77.H38  |b S88 2015 
100 1 |a Studlar, Gaylyn,  |e author. 
245 1 0 |a Have gun - will travel /  |c Gaylyn Studlar. 
246 3 |a Have gun will travel 
264 1 |a Detroit :  |b Wayne State University Press,  |c [2015] 
264 4 |c ©2015 
300 |a viii, 194 pages :  |b illustrations ;  |c 18 cm. 
336 |a text  |b txt  |2 rdacontent 
337 |a unmediated  |b n  |2 rdamedia 
338 |a volume  |b nc  |2 rdacarrier 
490 1 |a TV milestones 
490 1 |a Contemporary approaches to film and media series 
504 |a Includes bibliographical references and index. 
505 0 |a 1. Making the dandy mythic -- 2. Kisses for my Paladin -- 3. Corpses enough for Shakespeare -- 4. Liberalism, gradualism, and the failure of human solidarity -- 5. Auteurism, aesthetics, and the cinematic impulse. 
630 0 0 |a Have gun-- will travel (Television program) 
650 0 |a Western television programs  |z United States. 
830 0 |a Contemporary approaches to film and television series.  |p TV milestones. 
830 0 |a Contemporary approaches to film and media series. 
945 |a PromptCat  |b 203188 
946 |a stk 
947 |a A14842984115 
948 |a cataloged  |b h  |c 2015/6/10  |d c  |e dmitchel  |f 9:30:20 am 
994 |a C0  |b TXA 
999 |a MARS 
999 f f |s 5e770bf6-0d99-3c13-af74-8460217cccf8  |i c7eaf8b1-ccf1-3700-8ace-1710559cfded  |t 0 
952 f f |p normal  |a Texas A&M University  |b College Station  |c Sterling C. Evans Library  |d Evans: Library Stacks  |t 0  |e PN1992.77.H38 S88 2015  |h Library of Congress classification  |i unmediated -- volume  |m A14842984115 
998 f f |a PN1992.77.H38 S88 2015  |t 0  |l Evans: Library Stacks